000 00872nas a2200289 4500
001 BR8108652
003 BR-BrBNA
005 20231205084942.0
007 ta
008 230509b bl.|||p| |||| 00| 00por d
040 _aBR-BrBNA
_bpor
_cBiblioteca Nacional de Agricultura
041 _a(Pt)
072 _aL70
100 1 _aCanola, J.C.
100 1 _aFialho, S.A.G.
100 1 _aRaiser, A.G.
100 1 _aFan, L.C.R.
100 1 _aDaleck, C.R.
100 1 _aEurides, D.
100 1 _aPotier, G.M.A.
245 1 _aEfeitos do maleato de acepromazina, associado ao cloridrato de cetamina, na anestesia geral de caes
650 _aANESTESIA
650 _aCAO
773 0 _tRevista do Centro de Ciencias Rurais (Brazil)
_xISSN 0085-5901
_g(Apr-Sep 1981), v. 11(2-3) p. 143-152
_wBR8108652
909 _a202311
_bLúcia
_c55
_dLúcia Elande
942 _2AGRIS
_n0
_cANA
999 _c108330
_d108330